LUNCH - Billie Eilish - Statistics

General Stats
  • This quiz has been taken 245 times
  • The average score is 241 of 304
Answer Stats
Hint Answer % Correct
for
100%
Chorus | Outro I
100%
"I
100%
eat
99%
Eat
99%
girl
99%
lunch
99%
my
99%
she
99%
She
99%
to
99%
on
98%
that
98%
a
97%
be
97%
could
97%
one
96%
the
96%
dances
94%
like
94%
might
94%
so
94%
So
94%
tongue
94%
it
92%
not
91%
her
90%
It's
89%
it's
89%
you
88%
You
88%
And
87%
crush
87%
craving
85%
get
84%
much
84%
never
84%
Tastes
84%
stuff
83%
buy
82%
enough
82%
Yeah
82%
me
81%
when
80%
she's
79%
Verse 2 She's
79%
I'm
77%
in
74%
just
74%
think
73%
your
73%
Do
72%
I'll
68%
made
67%
now
67%
Now
67%
over
67%
Said
67%
said
67%
were
67%
up
66%
bein'
65%
Verse 1 Baby
63%
hair
63%
you're
63%
You're
63%
chair
62%
pullin'
62%
want
62%
"Claire"
60%
comin'
60%
Somebody
60%
stairs
60%
somethin'
59%
there"
59%
try
59%
Post-Chorus Oh
58%
under
58%
"Call
57%
down
57%
sweet
57%
write
57%
left
56%
puttin'
56%
bought
55%
rare"
55%
shower
55%
all
53%
recipe
53%
Clothes
52%
hard
52%
wanna
51%
Been
50%
takin'
50%
tryin'
50%
counter
48%
If
48%
mirror
48%
off
48%
pictures
48%
clear
47%
take
47%
but
45%
But
45%
God
45%
allowed
43%
'em
43%
run
43%
say
43%
skin's
43%
Tell
42%
"Bring
41%
here"
41%
know
41%
deer
40%
ear
40%
help
40%
seat?
40%
headlights
39%
need
38%
smilin'
38%
volunteer
37%
again
36%
than
36%
more
35%
before
34%
bend
32%
bend?
32%
friend
32%
don't
31%
how
30%
Bridge I've
30%
break
27%
hunch
23%
interested
22%
No matching quizzes found
Score Distribution
Percent of People with Each Score
Percentile by Number Answered
Your Score History
You have not taken this quiz